<?xml version="1.0" encoding="UTF-8"?>
<record
    xmlns:xsi="http://www.w3.org/2001/XMLSchema-instance"
    xsi:schemaLocation="http://www.loc.gov/MARC21/slim http://www.loc.gov/standards/marcxml/schema/MARC21slim.xsd"
    xmlns="http://www.loc.gov/MARC21/slim">

  <leader>00984cam a22002531  4500</leader>
  <controlfield tag="001">gs 30000311 </controlfield>
  <controlfield tag="003">DLC</controlfield>
  <controlfield tag="005">20260227111335.0</controlfield>
  <controlfield tag="008">810112s1930    sw af    b    000 0 swe c</controlfield>
  <datafield tag="010" ind1=" " ind2=" ">
    <subfield code="a">gs 30000311 </subfield>
  </datafield>
  <datafield tag="035" ind1=" " ind2=" ">
    <subfield code="a">(OCoLC)7056783</subfield>
  </datafield>
  <datafield tag="040" ind1=" " ind2=" ">
    <subfield code="a">U.S. Geological Survey</subfield>
    <subfield code="c">NIC</subfield>
    <subfield code="d">DLC</subfield>
  </datafield>
  <datafield tag="041" ind1="0" ind2=" ">
    <subfield code="a">swe</subfield>
    <subfield code="b">eng</subfield>
  </datafield>
  <datafield tag="042" ind1=" " ind2=" ">
    <subfield code="a">premarc</subfield>
  </datafield>
  <datafield tag="050" ind1="0" ind2="0">
    <subfield code="a">QE282</subfield>
    <subfield code="b">.A3 Ser.Ca no. 23</subfield>
  </datafield>
  <datafield tag="100" ind1="1" ind2=" ">
    <subfield code="a">Magnusson, Nils H.</subfield>
    <subfield code="q">(Nils Harald),</subfield>
    <subfield code="d">1890-</subfield>
  </datafield>
  <datafield tag="245" ind1="0" ind2="0">
    <subfield code="a">L&#xE4;ngbans malmtrakt;</subfield>
    <subfield code="b">geologisk beskrivning</subfield>
    <subfield code="c">af Nils H. Magnusson.  Summary: The iron and manganese ores of the Langban district.</subfield>
  </datafield>
  <datafield tag="260" ind1=" " ind2=" ">
    <subfield code="a">Stockholm,</subfield>
    <subfield code="b">Kungl. boktryckeriet, P. A. Norstedt &amp; s&#xF6;ner,</subfield>
    <subfield code="c">1930.</subfield>
  </datafield>
  <datafield tag="300" ind1=" " ind2=" ">
    <subfield code="a">111 p.</subfield>
    <subfield code="b">incl. illus., tables, diagrs. 5 fold. col. pl.</subfield>
    <subfield code="c">31 cm.</subfield>
  </datafield>
  <datafield tag="490" ind1="0" ind2=" ">
    <subfield code="a">[Sweden] Sveriges geologiska unders&#xF6;kning.  Ser. Ca.  Avhandlingar och uppsatser i 4:o,</subfield>
    <subfield code="v">no. 23</subfield>
  </datafield>
  <datafield tag="504" ind1=" " ind2=" ">
    <subfield code="a">"Litteraturf&#xF6;rteckning": p. 101-104.</subfield>
  </datafield>
  <datafield tag="650" ind1=" " ind2="0">
    <subfield code="a">Iron ores</subfield>
    <subfield code="z">Sweden.</subfield>
  </datafield>
  <datafield tag="650" ind1=" " ind2="0">
    <subfield code="a">Manganese ores</subfield>
    <subfield code="z">Sweden.</subfield>
  </datafield>
  <datafield tag="999" ind1=" " ind2=" ">
    <subfield code="c">26832</subfield>
    <subfield code="d">26832</subfield>
  </datafield>
</record>
